| 000 | 00641nam a2200205Ia 4500 | ||
|---|---|---|---|
| 003 | GCL | ||
| 008 | 140319s9999 xx 000 0 ara d | ||
| 040 |
_aGCL / _cGCL |
||
| 082 | 0 | 4 |
_a796.32 _bم ك |
| 100 | 1 | _aمحمد عصام الدين الوشاحى | |
| 245 | 1 | 0 |
_aالكرة الطائرة للشباب / _cمحمد عصام الدين الوشاحى |
| 300 | _a295 ص | ||
| 490 | _a | ||
| 650 | 0 | 4 | _aالالعاب |
| 650 | 0 | 4 | _aالالعاب الرياضية |
| 650 | 0 | 4 | _aالكرة الطائرة |
| 650 | 0 | 4 | _aالالعاب الرياضية الجماعية |
| 650 | 0 | 4 | _aالالعاب البدنيه |
| 942 |
_2ddc _cBK |
||
| 999 |
_c38739 _d38739 |
||